| 000 | 00662nam a22001937a 4500 | ||
|---|---|---|---|
| 999 |
_c169274 _d169274 |
||
| 005 | 20191113131545.0 | ||
| 010 | _aUR-10587 | ||
| 020 |
_c300.00 _a- |
||
| 035 | _aU-9142 | ||
| 037 |
_bDBAD/PUB _a- |
||
| 082 | _a842 | ||
| 100 | _aا جمل حسين | ||
| 245 |
_aہا ۓ ہما ر ی يہ د نيا(ڈ ر ا مے ) _cا جمل حسين |
||
| 246 |
_bHai Humari Yeh Dunia (Urdu) _aby Ajmal Hussain |
||
| 260 |
_aWarangal _bA.M.Publications _c2016 ء |
||
| 270 |
_a1-9-1053,(Farhat Mahal) Postal Colony,Subedari,HanamKonda, _bDist.Warangal(T.S.) _e506001 _k9390103323 _l- |
||
| 300 |
_a141 ص _c22 Cm(Hb) |
||
| 942 |
_2ddc _cUR _h842 _mا ج م |
||